000 01092nabaa22002177a 4500
999 _c6185
_d6185
003 OSt
005 20260125003950.0
008 190701b xxu||||| |||| 00| 0 spa d
040 _cPJ
100 _96926
_aFalcone, Luciana S.
245 1 3 _aLa necesaria compatibilización entre el principio de división de poderes y la atribución de efectos derogatorios a las sentencias emanadas de los Tribunales Superiores de Justicia locales :
_ba la luz del sistema constitucional argentino /
_cLuciana S. Falcone.
300 _ap. 122-164
500 _aCita: TR LALEY AR/DOC/1647/2024
505 _a Sumario: I. Introducción.— II. Capítulo I.— III. Capítulo II.— IV. Capítulo III.— V. Capítulo IV.
505 _t¿Te interesa el texto completo? Comunicate al correo: koha@justierradelfuego.gov.ar
650 0 _9211
_aDERECHO ADMINISTRATIVO
650 0 _aDIVISION DE PODERES
_9927
650 0 _aCONTROL DE CONSTITUCIONALIDAD
_9755
773 0 _02842
_93251
_dBuenos Aires : AbeledoPerrot, 2012-
_oDA121
_tDerecho administrativo. Nº 154 julio/agosto 2024
_z18510590
942 _2udc
_cANA